000 00353nam a2200157Ia 4500
003 Ost
005 20260225132540.0
008 260225s9999||||xx |||||||||||||| ||und||
040 _cfsic
041 _afre
082 _a70.4
100 _aFrançois bernard
_eAuteur
245 0 _aLa langue de coton /
245 0 _cFrançois bernard
942 _cكتاب
999 _c33456
_d33456